书目信息 |
| 题名: |
中国古代绘画
|
|
| 作者: | 杜永菊 , 孟庆荣 编著 | |
| 分册: | ||
| 出版信息: | 北京 北京科学技术出版社 1998.05 |
|
| 页数: | 128页 | |
| 开本: | 32开 | |
| 丛书名: | ||
| 单 册: | ||
| 中图分类: | K209 | |
| 科图分类: | ||
| 主题词: | 中国--通史 | |
| 电子资源: | ||
| ISBN: | 7-5304-1662-6 | |
| 000 | 00566nam0 2200193 45 | |
| 001 | 0008210962 | |
| 005 | 20000821091415.1 | |
| 010 | @a7-5304-1662-6@d3.90元 | |
| 100 | @a20000821d1998 km y0chiy0120 ea | |
| 101 | 0 | @achi |
| 200 | 1 | @a中国古代绘画@AZhong Guo Gu Dai Hui Hua@f杜永菊,孟庆荣编著@FDu Yong Ju,Meng Qing Rong Bian Zhu |
| 210 | @a北京@c北京科学技术出版社@d1998.05 | |
| 215 | @a128页@d32开 | |
| 606 | 0 | @a中国@x通史 |
| 690 | @aK209@v3 | |
| 701 | 0 | @a杜永菊@4编著 |
| 701 | 0 | @a孟庆荣@4编著 |
| 801 | @aCN@bPftUser@c20000821 | |
| 905 | @b112193-196@dK209@eD361@f4 | |
| 中国古代绘画/杜永菊,孟庆荣编著.-北京:北京科学技术出版社,1998.05 |
| 128页;32开 |
| ISBN 7-5304-1662-6:3.90元 |
| ● |
| 相关链接 |
|
|
|
正题名:中国古代绘画
索取号:K209/D361
 
预约/预借
| 序号 | 登录号 | 条形码 | 馆藏地/架位号 | 状态 | 备注 |
| 1 | 112193 | 201121936 | 自科二线404/400A自科库 7排2列3层/ [索取号:K209/D361] | 在馆 | |
| 2 | 112194 | 201121945 | 自科二线404/400A自科库 7排2列3层/ [索取号:K209/D361] | 在馆 | |
| 3 | 112195 | 201121954 | 社科库309/309社科库 31排3列5层/ [索取号:K209/D361] | 在馆 | |
| 4 | 112196 | 201121963 | 自科二线404/400A自科库 7排2列3层/ [索取号:K209/D361] | 在馆 | |
| 5 | 161661 | 201616616 | 自科二线404/400A自科库 7排2列3层/ [索取号:K209/D361] | 在馆 | |
| 6 | 161662 | 201616625 | 自科二线404/400A自科库 6排2列2层/ [索取号:K209/D361] | 在馆 | |
| 7 | 161663 | 201616634 | 自科二线404/400A自科库 7排2列3层/ [索取号:K209/D361] | 在馆 | |
| 8 | 161919 | 201619196 | 自科二线404/400A自科库 7排2列3层/ [索取号:K209/D361] | 在馆 | |
| 9 | 161920 | 201619203 | 社科库309/309社科库 31排3列5层/ [索取号:K209/D361] | 在馆 |